[Event "Challenge"]
[Site "http://www.queenalice.com/game.php?id=1868336"]
[Date "2026.1.21"]
[Round "-"]
[White "Capixabba789"]
[Black "JoseMessias"]
[Result "1-0"]
[WhiteElo "1833"]
[BlackElo "1587"]

1. d4 d5 2. Nc3 e6 3. e4 dxe4 4. Nxe4 Qd5 5. Bd3 Bd7 6. Nf3 f5 7. Ng3 Be7 8. O-O
c5 9. dxc5 Bxc5 10. Bg5 h6 11. Bd2 Nc6 12. Qe1 g5 13. Nxf5 Nge7 14. Ng7+ Kf8 15.
Nh5 g4 16. Nf6 Qd6 17. Nh4 Nf5 18. Nxf5 exf5 19. Bc3 Nd4 20. Nxd7+ Qxd7 21. a3
Qa4 22. b4 Nxc2 23. Bxc2 Qxc2 24. Bxh8 Bb6 25. Qe5 Qc7 26. Qxf5+ Qf7 27. Qxg4
Bd8 28. Bd4 h5 29. Qd1 Bc7 30. Be3 Rd8 31. Qa4 Bb8 32. Rfe1 Qc7 33. Rac1 Qxh2+
34. Kf1 Qh1+ 35. Ke2 Qxg2 36. Qb5 Qg4+ 37. Kf1 Bh2 38. Bh6+ Kf7 39. Qxb7+ Rd7
40. Qg2 Qg6 41. Qxh2 Qxh6 42. Rc5 Qa6+ 43. Kg1 Qg6+ 44. Kf1 Kg7 45. Rce5 Rf7 46.
Qxh5 Qf6 47. Qg4+ Qg6 48. Qxg6+ Kxg6 49. a4 Rf4 50. Rc1 Kf6 51. Rd5 Rxb4 52.
Rc6+ Ke7 53. Ra6 Rb7 54. Rh5 1-0

[Event "AUTO-ADV-4915"]
[Site "http://www.queenalice.com/game.php?id=1868445"]
[Date "2026.1.26"]
[Round "1"]
[White "JoseMessias"]
[Black "game"]
[Result "1/2-1/2"]
[WhiteElo "1628"]
[BlackElo "1705"]

1. g3 c5 2. Bg2 Nc6 3. Bxc6 bxc6 4. d4 c4 5. Na3 d5 6. Nf3 Qa5+ 7. Bd2 Qb6 8.
Bb4 Qxb4+ 9. c3 Qxb2 10. Qc1 Qxc1+ 11. Rxc1 e6 12. Nc2 Nf6 13. Ne5 Ne4 14. Nxc6
Nxc3 15. N2b4 Bd7 16. Rxc3 Bxc6 17. Nxc6 a5 18. O-O a4 19. Rb1 Kd7 20. Ne5+ Ke8
21. Rb7 Be7 22. Rc1 Ba3 23. Rcb1 f6 24. Nf7 Rf8 25. Nd6+ Bxd6 26. R1b6 Rf7 27.
Rxf7 Kxf7 28. Rxd6 c3 29. Rc6 Rb8 30. Rxc3 Rb1+ 31. Kg2 Rb2 32. a3 Rxe2 33. h4
Re4 34. Rc7+ Kg6 35. Kh3 Rxd4 36. g4 Rd3+ 37. Kg2 h6 38. h5+ Kh7 39. Rc6 e5 40.
Rc5 g6 41. Rc7+ Kg8 42. hxg6 Rxa3 43. f3 d4 44. Kg3 d3 45. Rd7 Rb3 46. Kh4 a3
47. Kh5 a2 48. Kxh6 Rb8 49. Rg7+ Kh8 50. Ra7 d2 51. g7+ Kg8 52. Rxa2 d1=Q 53.
Ra6 Kf7 54. Ra7+ Kg8 55. Kg6 Qxf3 56. Ra4 e4 57. g5 fxg5 58. Ra5 Qf7+ 59. Kxg5
e3 60. Kg4 Kxg7 61. Rg5+ Qg6 62. Rxg6+ Kxg6 63. Kf3 Rb3 64. Ke2 1/2-1/2

[Event "AUTO-ADV-4915"]
[Site "http://www.queenalice.com/game.php?id=1868460"]
[Date "2026.1.26"]
[Round "1"]
[White "Shizumaru_Hisame"]
[Black "JoseMessias"]
[Result "0-1"]
[WhiteElo "2001"]
[BlackElo "1627"]

1. d4 d5 2. Bg5 f6 3. Bf4 g5 4. Bg3 Bg7 5. Nc3 f5 6. Be5 Bxe5 7. dxe5 d4 8. Nb5
c6 9. Nxd4 c5 10. Nb3 c4 11. Qxd8+ Kxd8 12. Na5 b6 13. Nxc4 Be6 14. Na3 Nd7 15.
Nf3 g4 16. Nd4 Nc5 17. Nxe6+ Nxe6 18. O-O-O+ Ke8 19. f3 gxf3 20. exf3 Nf4 21. g3
Ne6 22. g4 Nf4 23. gxf5 Nh6 24. f6 exf6 25. exf6 Rf8 26. Rd6 Nf5 27. Rc6 Nd4 28.
Rc7 Rxf6 29. Rxh7 Rd8 30. Rg1 Nde2+ 31. Bxe2 Nxe2+ 32. Kb1 Nxg1 33. b3 Nxf3 34.
Nb5 Nd2+ 35. Kb2 Rf1 36. Nxa7 Rb1+ 37. Kc3 Ne4+ 38. Kb4 Rd4+ 39. c4 Rb2 40. Kb5
Rd6 41. Nc8 Nc3+ 42. Ka6 Rxa2+ 43. Kb7 Rd7+ 44. Rxd7 Kxd7 45. Nxb6+ Kd6 46. b4
Rxh2 47. c5+ Ke5 48. c6 Nb5 49. Ka6 Nc7+ 50. Kb7 Rh7 51. Kc8 Kd6 52. b5 Nxb5 53.
Nd7 Kxc6 54. Ne5+ Kb6 55. Nd7+ Ka7 56. Ne5 Nd6+ 57. Kd8 Nb7+ 58. Ke8 Rh8+ 59.
Ke7 Rh5 60. Nc4 Rh1 61. Ke6 Re1+ 62. Kf5 Nd8 63. Kf6 Re6+ 64. Kf5 Kb7 65. Kf4
Kc6 66. Ne3 Nf7 67. Nc2 Kd5 68. Kf5 Nh6+ 69. Kf4 Re4+ 70. Kf3 Ke5 71. Ne3 Rf4+
72. Ke2 Nf5 73. Nc2 Ng3+ 74. Kd3 Rf3+ 75. Kc4 Ne4 76. Kb5 Nc3+ 77. Kc5 Na4+ 78.
Kb5 Rf4 79. Nb4 Nc3+ 80. Kc5 Rf8 81. Nc6+ Ke4 82. Kd6 Rf6+ 83. Kc5 Na4+ 84. Kb5
Nc3+ 85. Kc5 Re6 86. Nd8 Re5+ 87. Kc4 Rd5 88. Ne6 Nb5 89. Kb4 Ke5 90. Ng5 Kf5
91. Nf3 Ke4 92. Ne1 Nd6 93. Nc2 Kd3 94. Ne1+ Kd2 95. Nf3+ Ke3 96. Nh2 Rd4+ 97.
Kc5 Rh4 98. Nf1+ Kf2 99. Nd2 Ne4+ 100. Nxe4+ Rxe4 101. Kd5 Ke3 102. Kd6 Kd4 103.
Kc6 Re6+ 104. Kd7 Kd5 105. Kc7 Re7+ 106. Kb6 Rd7 107. Kb5 Rc7 108. Kb6 Rc6+ 109.
Kb5 Rc1 110. Kb4 Kd4 111. Kb5 Rc8 112. Kb6 Kd5 113. Kb5 Rb8+ 114. Ka6 Kc6 115.
Ka7 Rb1 116. Ka8 Kc7 117. Ka7 Ra1# 0-1

[Event "AUTO-ADV-4915"]
[Site "http://www.queenalice.com/game.php?id=1868461"]
[Date "2026.1.26"]
[Round "1"]
[White "JoseMessias"]
[Black "Shizumaru_Hisame"]
[Result "0-1"]
[WhiteElo "1594"]
[BlackElo "1985"]

1. b3 d5 2. Bb2 d4 3. Nf3 Nc6 4. g4 Bxg4 5. Ng5 Qd5 6. Nf3 Bxf3 7. exf3 e5 8.
Bc4 Qd7 9. Qe2 O-O-O 10. Bb5 Re8 11. a3 Nf6 12. d3 Nd5 13. c3 Bc5 14. Nd2 Nde7
15. O-O-O Qe6 16. c4 Ref8 17. Ne4 Bb6 18. c5 Qxb3 19. Bxc6 Nxc6 20. cxb6 axb6
21. Nd2 Qe6 22. Ne4 h6 23. h4 Rd8 24. Rhg1 g6 25. Rg4 f5 26. Ng5 hxg5 27. Rxg5
Rxh4 28. Rdg1 Ne7 29. Kd2 Rd6 30. a4 Rc6 31. f4 Rxf4 32. Rh1 Kb8 33. Ra1 Qb3 34.
Ke1 Rc2 35. Qxe5 Rfxf2 36. Qxe7 Qxd3 37. Rd1 Qf1# 0-1

[Event "AUTO-ADV-4915"]
[Site "http://www.queenalice.com/game.php?id=1868470"]
[Date "2026.1.26"]
[Round "1"]
[White "Daniel1962"]
[Black "JoseMessias"]
[Result "0-1"]
[WhiteElo "1795"]
[BlackElo "1631"]

1. d4 d5 2. Bf4 e6 3. e3 c5 4. dxc5 Bxc5 5. Nf3 Qf6 6. c3 Nc6 7. Bb5 Bd7 8. Be5
Nxe5 9. Bxd7+ Nxd7 10. Qb3 b6 11. Nbd2 Ne7 12. a3 O-O 13. Qb5 Ne5 14. Nxe5 Qxe5
15. Nf3 Qe4 16. O-O a6 17. Qd7 Rfd8 18. Qc7 Rac8 19. Qg3 Nf5 20. Qe5 Nxe3 21.
fxe3 Bxe3+ 22. Kh1 f6 23. Qxe4 dxe4 24. Ne1 Rd2 25. Rb1 f5 26. a4 Rc4 27. b4
Rxc3 28. h3 g5 29. g4 fxg4 30. hxg4 Bd4 31. b5 Rh3# 0-1

[Event "AUTO-ADV-4915"]
[Site "http://www.queenalice.com/game.php?id=1868471"]
[Date "2026.1.26"]
[Round "1"]
[White "JoseMessias"]
[Black "Daniel1962"]
[Result "1-0"]
[WhiteElo "1581"]
[BlackElo "1841"]

1. e4 e5 2. Nf3 d6 3. d3 Nc6 4. Bg5 f6 5. Be3 Be6 6. d4 exd4 7. Bxd4 Nxd4 8.
Nxd4 Qe7 9. Bb5+ Bd7 10. Bxd7+ Qxd7 11. Nc3 Ne7 12. Qf3 c5 13. Ndb5 a6 14. Na3
b5 15. Nd5 Nxd5 16. exd5 b4 17. Nc4 Qb5 18. Qe3+ Kd7 19. Qe6+ Kc7 20. Qf7+ Kc8
21. b3 Qd7 22. Nb6+ Kd8 23. Qxd7# 1-0

[Event "AUTO-INT-3959"]
[Site "http://www.queenalice.com/game.php?id=1868956"]
[Date "2026.2.5"]
[Round "1"]
[White "kuntakinte"]
[Black "JoseMessias"]
[Result "1-0"]
[WhiteElo "1697"]
[BlackElo "1616"]

1. e4 e5 2. Nf3 d6 3. Bc4 Nf6 4. d3 d5 5. exd5 Nxd5 6. Nxe5 f6 7. Nf3 Bc5 8. Nc3
Nxc3 9. bxc3 Bg4 10. d4 Be7 11. O-O Nc6 12. Re1 Qd6 13. h3 Na5 14. Bb3 f5 15.
hxg4 fxg4 16. Ne5 Rf8 17. Qxg4 b5 18. Qh5+ g6 19. Qxh7 Nxb3 20. axb3 Rd8 21.
Nxg6 Kd7 22. Rxe7+ Kc8 23. Rxa7 Rd7 24. Qg7 1-0

[Event "AUTO-INT-3959"]
[Site "http://www.queenalice.com/game.php?id=1868957"]
[Date "2026.2.5"]
[Round "1"]
[White "JoseMessias"]
[Black "kuntakinte"]
[Result "1-0"]
[WhiteElo "1603"]
[BlackElo "1710"]

1. g3 d5 2. Bg2 e6 3. d4 Nf6 4. Bg5 Be7 5. e4 dxe4 6. Bxf6 Bxf6 7. Bxe4 Bxd4 8.
Qd2 Bxb2 9. c3 Bxa1 10. a3 Qf6 11. Ne2 O-O 12. Qa2 Qe5 13. f3 Bxc3+ 14. Nbxc3
Nc6 15. Bxc6 bxc6 16. f4 Qc5 17. Ne4 Qa5+ 18. Kf2 Bb7 19. Rd1 c5 20. N4c3 Ba6
21. a4 Bxe2 22. Nxe2 Rab8 23. Kg2 Rb4 24. Nc3 Qb6 25. a5 Qb7+ 26. Kh3 Rb3 27. a6
Qb5 28. Nxb5 Rxb5 29. Qa4 c6 30. Rd6 Rc8 31. Rxc6 Rcb8 32. Rc7 Rb4 33. Qd7 Rd4
34. Rc8+ Rxc8 35. Qxc8+ 1-0

[Event "AUTO-INT-3959"]
[Site "http://www.queenalice.com/game.php?id=1868962"]
[Date "2026.2.5"]
[Round "1"]
[White "game"]
[Black "JoseMessias"]
[Result "1-0"]
[WhiteElo "1673"]
[BlackElo "1607"]

1. e4 e5 2. Nf3 Nf6 3. Bc4 d5 4. Bb3 dxe4 5. Ng5 Be6 6. Ba4+ c6 7. Nc3 Bg4 8.
Ne2 Bc5 9. Bb3 Be6 10. Nxe4 Nxe4 11. Nf4 Nxf2 12. Qf3 Nxh1 13. Nxe6 Qh4+ 14. g3
Bf2+ 15. Kf1 Qe7 16. Nxg7+ Kf8 17. Nf5 Nxg3+ 18. hxg3 Qc5 19. Qh5 Ke8 20. Qxf7+
Kd8 21. Qf6+ Kc7 22. Qxh8 e4 23. Qxh7+ Nd7 24. Be6 Rd8 25. d4 Bxd4 26. Bf4+ Kb6
27. Nxd4 Qxd4 28. Bg5 Rf8+ 29. Kg2 Qf2+ 30. Kh3 Rf3 31. Qh4 Ne5 32. Bf4 Qd4 33.
Qg5 Nc4 34. Bg4 Rf2 35. Rd1 Qh8+ 36. Bh5 Qc8+ 37. Bg4 Qe8 38. b4 Qf8 39. a3 Nxa3
40. Qa5# 1-0

[Event "AUTO-INT-3959"]
[Site "http://www.queenalice.com/game.php?id=1868963"]
[Date "2026.2.5"]
[Round "1"]
[White "JoseMessias"]
[Black "game"]
[Result "0-1"]
[WhiteElo "1623"]
[BlackElo "1635"]

1. b3 c5 2. Bb2 d6 3. c4 Nc6 4. Nc3 e5 5. Nd5 Bf5 6. f4 Nd4 7. Bxd4 cxd4 8. fxe5
Be4 9. exd6 Bxd6 10. d3 Bf5 11. e4 Bg6 12. a3 Nf6 13. b4 Nxd5 14. cxd5 O-O 15.
Nh3 f5 16. exf5 Rxf5 17. Qg4 Qd7 18. Qxd4 Be5 19. Qe4 Rxf1+ 20. Rxf1 Bxe4 21.
Nf2 Bxa1 22. dxe4 Qa4 23. Ke2 Qxa3 24. Nd3 Bc3 25. Rd1 Qa2+ 26. Ke3 Qxg2 27. e5
Qxd5 28. Rc1 Qd4+ 29. Ke2 Qe4+ 30. Kd1 Qxd3# 0-1

[Event "AUTO-INT-3960"]
[Site "http://www.queenalice.com/game.php?id=1869223"]
[Date "2026.2.13"]
[Round "1"]
[White "ajr"]
[Black "JoseMessias"]
[Result "0-1"]
[WhiteElo "1627"]
[BlackElo "1576"]

1. d4 d5 2. h3 Nc6 3. Nc3 e5 4. dxe5 Nxe5 5. a3 d4 6. Nb5 c5 7. c3 dxc3 8. Qxd8+
Kxd8 9. Nxc3 Nc4 10. b3 Ne5 11. f4 Ng6 12. Be3 Bd7 13. Rd1 Nf6 14. g4 Bd6 15.
Rxd6 b6 16. Bg2 Rb8 17. Nb5 Ke7 18. a4 Bxb5 19. Rxf6 Kxf6 20. axb5 Nh4 21. Rh2
Rhe8 22. Bf2 Ng6 23. Bg3 Re3 24. Bf3 Rxb3 25. f5 Ne5 26. Bh4+ g5 27. fxg6+ Kxg6
28. Be4+ Kg7 29. Bg3 Rxg3 30. Kf1 Re3 31. Bf3 Rb3 32. Bc6 Rb4 33. Rf2 Rd8 34.
Ke1 Rb1# 0-1

[Event "AUTO-INT-3960"]
[Site "http://www.queenalice.com/game.php?id=1869224"]
[Date "2026.2.13"]
[Round "1"]
[White "JoseMessias"]
[Black "juim"]
[Result "0-1"]
[WhiteElo "1655"]
[BlackElo "1607"]

1. g3 d5 2. Bg2 Nf6 3. d4 e6 4. e4 Nxe4 5. Bxe4 dxe4 6. Nc3 Bb4 7. a3 Bxc3+ 8.
bxc3 O-O 9. Qe2 f5 10. f3 exf3 11. Nxf3 Nc6 12. Ng5 Bd7 13. Qh5 h6 14. Nf3 f4
15. Bxf4 Qe8 16. g4 Rxf4 17. Ne5 Re4+ 18. Kd2 Nxe5 19. dxe5 Qxh5 20. gxh5 Bc6
21. Kc1 Rxe5 22. Rg1 Be8 23. Kb2 a5 24. Ka2 Re2 25. Kb2 Rxh2 26. Rg3 Ra6 27.
Rag1 g5 28. hxg6 Kg7 29. Re1 Bxg6 30. Reg1 Rxc2+ 31. Kb3 a4+ 32. Kb4 b6 33.
Rxg6+ Kf7 34. Rxh6 Rb2+ 35. Kc4 Ke7 36. Re1 b5+ 37. Kd4 Ra2 38. Rh7+ Kd6 39. Rh6
Kd7 40. Ke5 Rxa3 41. Rd1+ Ke7 42. Rh7+ Ke8 43. Rg1 Kf8 44. Rgg7 Rxc3 45. Rf7+
Ke8 46. Re7+ Kd8 47. Kf6 Rf3+ 48. Ke5 Rf5+ 49. Ke4 Rc6 50. Rd7+ Kc8 51. Rde7
Rc4+ 52. Kd3 a3 53. Rxe6 a2 54. Ra6 Ra4 55. Rh8+ Kb7 56. Rxa4 bxa4 57. Rh1 Rb5
58. Ra1 Rb2 59. Kc3 a3 60. Kc4 Kb6 61. Kc3 Kb5 62. Kd4 Kb4 63. Kd3 Kb3 64. Rc1
Rb1 65. Rc3+ Kb4 66. Kc2 a1=Q 67. Rxa3 Rb2+ 0-1

[Event "AUTO-INT-3960"]
[Site "http://www.queenalice.com/game.php?id=1869225"]
[Date "2026.2.13"]
[Round "1"]
[White "juim"]
[Black "JoseMessias"]
[Result "0-1"]
[WhiteElo "1619"]
[BlackElo "1592"]

1. e4 e5 2. d4 d5 3. dxe5 dxe4 4. Bf4 Qxd1+ 5. Kxd1 Bg4+ 6. Be2 Bxe2+ 7. Nxe2
Nd7 8. Nbc3 O-O-O 9. Nxe4 f6 10. exf6 Ndxf6+ 11. Nd2 Ne4 12. Be3 Bb4 13. c3 Bc5
14. Ke1 Bxe3 15. fxe3 Rxd2 16. g3 Ngf6 17. Rf1 Nd5 18. Rb1 Nxe3 19. Rf3 Nc2+ 20.
Kf1 Re8 21. Rf7 Ng5 22. Rxg7 Rexe2 23. Rxg5 Rf2+ 24. Kg1 Rg2+ 25. Kh1 Rxh2+ 26.
Kg1 Rdg2+ 27. Kf1 Ne3+ 0-1

[Event "AUTO-OPEN-4639"]
[Site "http://www.queenalice.com/game.php?id=1869395"]
[Date "2026.2.18"]
[Round "1"]
[White "Carlos19"]
[Black "JoseMessias"]
[Result "0-1"]
[WhiteElo "1812"]
[BlackElo "1603"]

1. e4 e5 2. Nf3 d6 3. Bc4 Bg4 4. h3 Be6 5. Bxe6 fxe6 6. d3 Nf6 7. Nc3 d5 8. Nxe5
d4 9. Ne2 Bb4+ 10. c3 dxc3 11. bxc3 Bc5 12. Nd4 Bxd4 13. cxd4 Qxd4 14. Bf4 O-O
15. O-O Nc6 16. Nxc6 bxc6 17. Bxc7 Rac8 18. Ba5 Qc5 19. Qd2 Nh5 20. Kh2 Qe5+ 21.
Kg1 Rf6 22. f4 Qd4+ 23. Kh2 Rcf8 24. g3 Rg6 25. Rf3 Qxa1 26. f5 exf5 27. exf5
Rgf6 28. g4 Qe5+ 29. Kg2 Rh6 30. gxh5 Rxh5 31. Bc3 Qd5 32. Kg3 Rg5+ 33. Qxg5
Qd6+ 34. Kh4 Qd8 35. Qxd8 Rxd8 36. Rg3 Rd7 37. f6 g6 38. d4 Rd6 39. Rf3 Kf7 40.
Kg5 Rd5+ 41. Kh4 c5 42. dxc5 Rxc5 43. Bb4 Rc4+ 44. Kg3 Rxb4 45. Ra3 Rb7 46. Rf3
a5 47. Ra3 Rb5 48. Rf3 Rb2 49. a4 Rb4 50. Rf4 Rxf4 51. Kxf4 Kxf6 52. h4 h6 53.
Kg4 h5+ 54. Kh3 Kf5 55. Kg3 Ke4 56. Kh3 Kf4 57. Kh2 Kg4 58. Kg2 Kxh4 59. Kh2 g5
60. Kg2 g4 61. Kh2 g3+ 62. Kg2 Kg4 63. Kg1 Kh3 64. Kf1 g2+ 65. Kg1 h4 0-1